International Economics (Record no. 1375)

MARC details
000 -LEADER
fixed length control field 00380nam a22001577a 4500
005 - DATE AND TIME OF LATEST TRANSACTION
control field 20180319125527.0
008 - FIXED-LENGTH DATA ELEMENTS--GENERAL INFORMATION
fixed length control field 160523b xxu||||| |||| 00| 0 eng d
041 ## - LANGUAGE CODE
Language code of text/sound track or separate title eng
082 ## - DEWEY DECIMAL CLASSIFICATION NUMBER
Item number 4088
Classification number 337
100 ## - MAIN ENTRY--AUTHOR NAME
Personal name Mannur, H.G.
245 ## - TITLE STATEMENT
Title International Economics
260 ## - PUBLICATION, DISTRIBUTION, ETC. (IMPRINT)
Place of publication New Delhi
Name of publisher Academic Faundation
Year of publication 2004
300 ## - PHYSICAL DESCRIPTION
Number of Pages 453
650 ## - SUBJECT ADDED ENTRY--TOPICAL TERM
Topical Term Management
942 ## - ADDED ENTRY ELEMENTS (KOHA)
Koha item type Books
Holdings
Lost status Damaged status Collection code Home library Current library Shelving location Date acquired Cost, normal purchase price Full call number Accession Number Koha item type Source of acquisition
    Reference JRU Library   SHELF-28-B 23/05/2016 175.00 337 4088 Books  
    MANAGEMENT JRU Library JRU Library SHELF-58-E 23/05/2016 175.00 337 4089 Books PURCHASE
    MANAGEMENT JRU Library JRU Library SHELF-58-E 23/05/2016 175.00 337 4090 Books PURCHASE
    MANAGEMENT JRU Library JRU Library SHELF-58-E 23/05/2016 175.00 337 4091 Books PURCHASE
    MANAGEMENT JRU Library JRU Library SHELF-31-D 23/05/2016 175.00 337 4092 Books